30 least corrupt countries in 2018 - Statistics

General Stats
  • This quiz has been taken 47 times
  • The average score is 24 of 30
Answer Stats
Score Country % Correct
81 Canada
100%
85 Sweden
100%
85 Switzerland
100%
88 Denmark
98%
84 Norway
98%
77 Australia
95%
85 Finland
95%
80 Germany
95%
87 New Zealand
95%
76 Austria
93%
72 France
93%
80 United Kingdom
93%
71 United States
93%
75 Belgium
91%
76 Iceland
91%
81 Luxembourg
91%
82 Netherlands
91%
73 Japan
86%
73 Ireland
84%
64 Portugal
84%
73 Estonia
75%
85 Singapore
73%
63 Taiwan
73%
67 Chile
45%
70 United Arab Emirates
45%
65 Bahamas
41%
70 Uruguay
41%
63 Brunei
34%
68 Barbados
32%
68 Bhutan
23%
No matching quizzes found
Score Distribution
Percent of People with Each Score
Percentile by Number Answered
Your Score History
You have not taken this quiz